000 00723nam a22002174a 4500
001 BIBLIOTECA MUNICIPAL DE BARRANCO
007 ta
008 t pe gr 00| 0 spa d
020 _a958-16-0122-8
040 _aBIBLIOTECA MUNICIPAL DE BARRANCO
041 _aspa
043 _cpe
082 _2828.9
_bC26E 1986.
100 _aCarré, John Le, 1931-2020.
245 _aEl espejo de los espías /
_cJohn Le Carré ; [traducción de Fernando Gutiérrez].
260 _aBogotá :
_b Ed. la montaña mágica Ltda.;
_c1986.
300 _a232 p.
_c19 cm.
650 0 _98192
_aNovelas inglesas-Siglo XX-Traducciones al español.
650 0 _98193
_aNovelas de espionaje.
942 _cBK
_e2025-11-10
_zAAOH
999 _c11012
_d11012